header

Making the grades (Record no. 221804)

MARC details
000 -LEADER
fixed length control field 01480nam a2200361 a 4500
082 04 - DEWEY DECIMAL CLASSIFICATION NUMBER
Classification number 371.26/2
100 1# - MAIN ENTRY--AUTHOR NAME
Personal name Farley, Todd.
245 10 - TITLE STATEMENT
Title Making the grades
260 ## - PUBLICATION, DISTRIBUTION, ETC. (IMPRINT)
Place of publication Sausalito, Calif. :
Name of publisher PoliPointPress ;
Place of publication [LaVergne, Tenn.] :
Name of publisher Distributed by Ingram Publisher Services,
Year of publication 2009.
300 ## - PHYSICAL DESCRIPTION
Number of Pages xi, 253 p.
500 ## - GENERAL NOTE
General note Includes index.
505 0# - FORMATTED CONTENTS NOTE
Formatted contents note pt. 1. Wage slave -- pt. 2. Management -- pt. 3. Retirement.
650 #0 - SUBJECT ADDED ENTRY--TOPICAL TERM
Topical Term Examinations
Topical Term Business and education
856 40 - ELECTRONIC LOCATION AND ACCESS
Uniform Resource Identifier http://site.ebrary.com/lib/rucke/Doc?id=10480962

No items available.

© 2026 Rongo University
Contact us: librarian | system librarian | Rongo university